[Event "GBR-ch111 Major Open"]
[Site "Liverpool"]
[Date "2025.08.08"]
[Round "7.32"]
[White "Freeman, Luke"]
[Black "Munshi, Aryan"]
[Result "1/2-1/2"]
[WhiteElo "1963"]
[BlackElo "1841"]
[PlyCount "24"]
[EventDate "2025.08.02"]
[EventType "swiss"]
[EventRounds "9"]
[EventCountry "GBR"]
[SourceTitle "BritBase"]
[Source "John Saunders"]
[SourceDate "2025.08.11"]
[SourceVersion "1"]
[SourceVersionDate "2025.08.11"]
[SourceQuality "1"]

1. e4 e5 2. Nc3 Nf6 3. f4 d5 4. fxe5 Nxe4 5. Qf3 Nxc3 6. dxc3 Be6 7. Bf4 Nd7 8. O-O-O g5 9. Bg3 h5 10. Re1 c6 11. h4 g4 12. Qf2 Qa5 1/2-1/2

[Event "GBR-ch111 Major Open"]
[Site "Liverpool"]
[Date "2025.08.08"]
[Round "7.33"]
[White "Brown, Tom"]
[Black "De Silva, Sithun"]
[Result "1-0"]
[WhiteElo "1961"]
[BlackElo "1817"]
[PlyCount "79"]
[EventDate "2025.08.02"]
[EventType "swiss"]
[EventRounds "9"]
[EventCountry "GBR"]
[SourceTitle "BritBase"]
[Source "John Saunders"]
[SourceDate "2025.08.11"]
[SourceVersion "1"]
[SourceVersionDate "2025.08.11"]
[SourceQuality "1"]

1. d4 Nf6 2. Nf3 d5 3. c4 e6 4. Nc3 c6 5. e3 Nbd7 6. Qc2 Be7 7. b3 b6 8. Be2 Bb7 9. O-O O-O 10. Bb2 Rc8 11. Rad1 Qc7 12. Qb1 h6 13. Rfe1 Rfd8 14. Bf1 Bd6 15. g3 Ne4 16. Nxe4 dxe4 17. Qxe4 Bb4 18. Re2 c5 19. d5 exd5 20. cxd5 Qd6 21. Qf4 Qg6 22. a3 Ba6 23. axb4 Bxe2 24. Bxe2 Qc2 25. Rd2 Qxb3 26. bxc5 Rxc5 27. Qg4 f6 28. e4 Rc2 29. Bd4 Ne5 30. Bxe5 fxe5 31. Qe6+ Kh7 32. Qxe5 Rf8 33. Kg2 a5 34. Qd4 a4 35. e5 Rxd2 36. Nxd2 Qa3 37. d6 Qa2 38. Bc4 Qa3 39. e6 Re8 40. e7 1-0

[Event "GBR-ch111 Major Open"]
[Site "Liverpool"]
[Date "2025.08.08"]
[Round "7.34"]
[White "Buckland, Louis"]
[Black "Walker, Elmira"]
[Result "1-0"]
[WhiteElo "1961"]
[BlackElo "1813"]
[PlyCount "61"]
[EventDate "2025.08.02"]
[EventType "swiss"]
[EventRounds "9"]
[EventCountry "GBR"]
[SourceTitle "BritBase"]
[Source "John Saunders"]
[SourceDate "2025.08.11"]
[SourceVersion "1"]
[SourceVersionDate "2025.08.11"]
[SourceQuality "1"]

1. d4 Nf6 2. c4 g6 3. Nc3 Bg7 4. e4 d6 5. Be2 O-O 6. Bg5 c5 7. d5 h6 8. Bf4 e6 9. dxe6 Bxe6 10. Bxd6 Re8 11. Nf3 Qb6 12. e5 Qxb2 13. Rc1 Nfd7 14. O-O Nc6 15. Nb5 Rac8 16. Nc7 Red8 17. Nxe6 fxe6 18. Rb1 Qxa2 19. Rxb7 Ndxe5 20. Rxg7+ Kxg7 21. Nxe5 Nxe5 22. Bxe5+ Kh7 23. Bd3 Kg8 24. Qg4 Rxd3 25. Qxg6+ Kf8 26. Bg7+ Ke7 27. Bf6+ Kd6 28. Qxd3+ Kc6 29. Qe4+ Kb6 30. Qxe6+ Rc6 31. Bd8+ 1-0

[Event "GBR-ch111 Major Open"]
[Site "Liverpool"]
[Date "2025.08.08"]
[Round "7.35"]
[White "Gunatilake, Vinuda"]
[Black "Ashworth, Robert M"]
[Result "1-0"]
[WhiteElo "1851"]
[BlackElo "1951"]
[PlyCount "73"]
[EventDate "2025.08.02"]
[EventType "swiss"]
[EventRounds "9"]
[EventCountry "GBR"]
[SourceTitle "BritBase"]
[Source "John Saunders"]
[SourceDate "2025.08.11"]
[SourceVersion "1"]
[SourceVersionDate "2025.08.11"]
[SourceQuality "1"]

1. d4 d5 2. c4 c6 3. cxd5 cxd5 4. Nc3 Nf6 5. Bf4 Nc6 6. e3 a6 7. Bd3 Bg4 8. Nge2 e6 9. O-O Bd6 10. Bxd6 Qxd6 11. h3 Bh5 12. Na4 O-O 13. Rc1 e5 14. dxe5 Nxe5 15. Nac3 Qd7 16. f4 Nxd3 17. Qxd3 Bxe2 18. Qxe2 Qe6 19. Rcd1 Rad8 20. Rd3 Rfe8 21. Qf3 Qb6 22. b3 h6 23. Rfd1 Re7 24. Kh2 Red7 25. Rd4 Qe6 26. R1d3 Qf5 27. Qd1 b5 28. a4 bxa4 29. bxa4 Qe6 30. Qb3 Qc6 31. Rb4 Ne4 32. Rb6 Qa8 33. Nxe4 d4 34. Nc5 Re7 35. Rxd4 Rxd4 36. Rb8+ Re8 37. Rxa8 1-0

[Event "GBR-ch111 Major Open"]
[Site "Liverpool"]
[Date "2025.08.08"]
[Round "7.36"]
[White "Rastogi, Nayan Keats"]
[Black "Mittal, Advik"]
[Result "1-0"]
[WhiteElo "1948"]
[BlackElo "1806"]
[PlyCount "85"]
[EventDate "2025.08.02"]
[EventType "swiss"]
[EventRounds "9"]
[EventCountry "GBR"]
[SourceTitle "BritBase"]
[Source "John Saunders"]
[SourceDate "2025.08.11"]
[SourceVersion "1"]
[SourceVersionDate "2025.08.11"]
[SourceQuality "1"]

1. e4 e5 2. Nf3 Nc6 3. Bb5 Nf6 4. O-O Nxe4 5. Re1 Nd6 6. Nxe5 Be7 7. Bf1 Nxe5 8. Rxe5 O-O 9. d4 Bf6 10. Re1 Re8 11. c3 Rxe1 12. Qxe1 Nf5 13. Nd2 Bg5 14. Nf3 Bxc1 15. Qxc1 d5 16. Bd3 Nh4 17. Qf4 Nxf3+ 18. Qxf3 Qd6 19. Re1 Bd7 20. Re5 c6 21. Qh5 g6 22. Qh6 Re8 23. f4 Rxe5 24. fxe5 Qe6 25. Qg5 Qg4 26. Qxg4 Bxg4 27. Kf2 Kf8 28. Ke3 h6 29. b3 Ke7 30. c4 Be6 31. Kd2 Kd7 32. Kc3 Kc7 33. cxd5 Bxd5 34. Bc4 b6 35. Bxd5 cxd5 36. Kb4 Kc6 37. Ka4 a6 38. Kb4 Kc7 39. a4 Kc6 40. a5 b5 41. g3 h5 42. h4 Kd7 43. Kc5 1-0

[Event "GBR-ch111 Major Open"]
[Site "Liverpool"]
[Date "2025.08.08"]
[Round "7.37"]
[White "Davis, Cameron"]
[Black "Parikh, Naavya"]
[Result "0-1"]
[WhiteElo "1944"]
[BlackElo "1800"]
[PlyCount "84"]
[EventDate "2025.08.02"]
[EventType "swiss"]
[EventRounds "9"]
[EventCountry "GBR"]
[SourceTitle "BritBase"]
[Source "John Saunders"]
[SourceDate "2025.08.11"]
[SourceVersion "1"]
[SourceVersionDate "2025.08.11"]
[SourceQuality "1"]

1. e4 e5 2. Nf3 Nc6 3. Bc4 Bc5 4. c3 Nf6 5. d4 exd4 6. cxd4 Bb4+ 7. Nc3 Bxc3+ 8. bxc3 d6 9. Bd3 h6 10. h3 O-O 11. O-O Re8 12. Re1 Ne7 13. Qb3 d5 14. e5 Nh7 15. Qc2 Nf8 16. Ba3 Ne6 17. Qd2 b6 18. Nh2 c5 19. f4 cxd4 20. f5 dxc3 21. Qxc3 Nf4 22. f6 Neg6 23. Bb5 Bd7 24. Bxd7 Qxd7 25. Bc1 Qf5 26. Bxf4 Qxf4 27. fxg7 Rac8 28. Qb2 Nxe5 29. Rf1 Qe3+ 30. Kh1 Qg5 31. Rad1 Nc4 32. Qb5 Ne3 33. Qe2 Nxd1 34. Qxd1 Re6 35. Qf3 f6 36. Ng4 Kxg7 37. Rd1 Rc1 38. Kh2 Rxd1 39. Qxd1 Qf4+ 40. Kg1 d4 41. Nf2 Re3 42. Ng4 Rc3 0-1

[Event "GBR-ch111 Major Open"]
[Site "Liverpool"]
[Date "2025.08.08"]
[Round "7.38"]
[White "Gorskovs, Andrejs"]
[Black "Zhu, Pengxiao"]
[Result "0-1"]
[WhiteElo "1844"]
[BlackElo "1938"]
[PlyCount "78"]
[EventDate "2025.08.02"]
[EventType "swiss"]
[EventRounds "9"]
[EventCountry "GBR"]
[SourceTitle "BritBase"]
[Source "John Saunders"]
[SourceDate "2025.08.11"]
[SourceVersion "1"]
[SourceVersionDate "2025.08.11"]
[SourceQuality "1"]

1. e4 e5 2. Nf3 Nc6 3. Bb5 a6 4. Ba4 Nf6 5. O-O b5 6. Bb3 Bc5 7. c3 d6 8. d4 Bb6 9. a4 Rb8 10. axb5 axb5 11. Qd3 O-O 12. Bg5 Bd7 13. Na3 Re8 14. Nxb5 Ne7 15. Na3 Ng6 16. Nc4 Bb5 17. Rfe1 h6 18. Bd2 d5 19. exd5 e4 20. Qc2 exf3 21. Nxb6 cxb6 22. c4 Rxe1+ 23. Rxe1 Be8 24. d6 Qxd6 25. c5 Qxd4 26. h3 bxc5 27. Bc3 Qh4 28. Qxg6 Rxb3 29. Bxf6 fxg6 30. Bxh4 Bf7 31. Rc1 c4 32. Rc2 Bd5 33. g4 g5 34. Bg3 Kf7 35. Kf1 Be4 36. Rc3 Bd3+ 37. Ke1 Rxb2 38. Rc1 Re2+ 39. Kd1 Ke6 0-1

[Event "GBR-ch111 Major Open"]
[Site "Liverpool"]
[Date "2025.08.08"]
[Round "7.39"]
[White "Bennett, Max"]
[Black "Chapman, Luke"]
[Result "1/2-1/2"]
[WhiteElo "1852"]
[BlackElo "1921"]
[PlyCount "67"]
[EventDate "2025.08.02"]
[EventType "swiss"]
[EventRounds "9"]
[EventCountry "GBR"]
[SourceTitle "BritBase"]
[Source "John Saunders"]
[SourceDate "2025.08.11"]
[SourceVersion "1"]
[SourceVersionDate "2025.08.11"]
[SourceQuality "1"]

1. Nf3 d5 2. c4 d4 3. g3 c5 4. d3 Nc6 5. Bg2 e5 6. O-O Nf6 7. e4 h6 8. Na3 Bd6 9. Nc2 O-O 10. Nfe1 a6 11. f4 b5 12. b3 Nd7 13. f5 bxc4 14. bxc4 f6 15. Nf3 Nb4 16. Nh4 Rf7 17. Bf3 Nxc2 18. Qxc2 Nf8 19. Bd2 Rb8 20. Rfb1 Rfb7 21. Rxb7 Rxb7 22. Rb1 Qc7 23. Rxb7 Qxb7 24. Qc1 Qf7 25. Bd1 Qb7 26. Bh5 Nh7 27. Ng6 Ng5 28. Bxg5 hxg5 29. h4 gxh4 30. Nxh4 Qb4 31. Qd1 Kf8 32. Ng6+ Ke8 33. Nh4+ Kf8 34. Ng6+ 1/2-1/2

[Event "GBR-ch111 Major Open"]
[Site "Liverpool"]
[Date "2025.08.08"]
[Round "7.40"]
[White "Shivakumar, Akshath"]
[Black "Ding, Yicheng"]
[Result "1-0"]
[WhiteElo "1901"]
[BlackElo "1793"]
[PlyCount "41"]
[EventDate "2025.08.02"]
[EventType "swiss"]
[EventRounds "9"]
[EventCountry "GBR"]
[SourceTitle "BritBase"]
[Source "John Saunders"]
[SourceDate "2025.08.11"]
[SourceVersion "1"]
[SourceVersionDate "2025.08.11"]
[SourceQuality "1"]

1. d4 Nf6 2. c4 e6 3. Nc3 Bb4 4. e3 O-O 5. Bd3 d5 6. Nf3 b6 7. O-O Bb7 8. cxd5 exd5 9. Ne5 Nbd7 10. f4 Ne4 11. Bd2 Be7 12. Nxe4 dxe4 13. Bc4 Nf6 14. Qe2 c5 15. dxc5 Bxc5 16. b4 Bd6 17. Bc3 Qe7 18. Ng4 Nd5 19. Bxd5 Bxd5 20. Nh6+ Kh8 21. Nf5 1-0

[Event "GBR-ch111 Major Open"]
[Site "Liverpool"]
[Date "2025.08.08"]
[Round "7.41"]
[White "Nguyen, Lam Vy Le"]
[Black "Patton, Zachary"]
[Result "0-1"]
[WhiteElo "1807"]
[BlackElo "1899"]
[PlyCount "120"]
[EventDate "2025.08.02"]
[EventType "swiss"]
[EventRounds "9"]
[EventCountry "GBR"]
[SourceTitle "BritBase"]
[Source "John Saunders"]
[SourceDate "2025.08.11"]
[SourceVersion "1"]
[SourceVersionDate "2025.08.11"]
[SourceQuality "1"]

1. e4 c5 2. Nf3 Nc6 3. d4 cxd4 4. Nxd4 Nf6 5. Nc3 e5 6. Ndb5 d6 7. Bg5 a6 8. Na3 b5 9. Nd5 Be7 10. Bxf6 Bxf6 11. c3 Bg5 12. Be2 O-O 13. O-O Rb8 14. Nc2 Be6 15. Ncb4 Nxb4 16. Nxb4 Qb6 17. Nd5 Qb7 18. Bf3 Bxd5 19. Qxd5 Qxd5 20. exd5 Rfc8 21. Be2 a5 22. Rfd1 b4 23. c4 a4 24. b3 a3 25. Bg4 Rf8 26. Bd7 Bd8 27. g3 Bb6 28. Kg2 Rb7 29. Bf5 g6 30. Bc2 f5 31. Rd2 e4 32. h4 Re7 33. Re1 Rfe8 34. Bd1 h6 35. Kf1 Kf7 36. Kg2 Kf6 37. Kf1 e3 38. fxe3 Rxe3 39. Rde2 Rf3+ 40. Kg2 Rf2+ 41. Rxf2 Rxe1 42. Rf1 Rxf1 43. Kxf1 h5 44. Ke2 Ke5 45. Bc2 Kd4 46. Kd2 Bd8 47. Bd3 Bf6 48. Bc2 Be5 49. g4 hxg4 50. h5 gxh5 51. Bxf5 Bf4+ 52. Kc2 Ke3 53. Kd1 Kf2 54. Be6 g3 55. Bh3 h4 56. Kc2 g2 57. Bxg2 Kxg2 58. Kd3 h3 59. Ke4 Kg3 60. Kf5 h2 0-1

[Event "GBR-ch111 Major Open"]
[Site "Liverpool"]
[Date "2025.08.08"]
[Round "7.42"]
[White "Vashisht-Pigem, Raman"]
[Black "Eldridge, Albert"]
[Result "1-0"]
[WhiteElo "1981"]
[BlackElo "1792"]
[PlyCount "91"]
[EventDate "2025.08.02"]
[EventType "swiss"]
[EventRounds "9"]
[EventCountry "GBR"]
[SourceTitle "BritBase"]
[Source "John Saunders"]
[SourceDate "2025.08.11"]
[SourceVersion "1"]
[SourceVersionDate "2025.08.11"]
[SourceQuality "1"]

1. e4 c5 2. Nf3 d6 3. Bb5+ Nc6 4. O-O Bd7 5. Re1 a6 6. Bf1 Bg4 7. c3 e6 8. h3 Bxf3 9. Qxf3 Nf6 10. a4 Be7 11. d3 O-O 12. Bf4 Qc7 13. Nd2 Rfd8 14. Nc4 Ne5 15. Nxe5 dxe5 16. Bg3 Ne8 17. Red1 Bf6 18. d4 cxd4 19. cxd4 Qa5 20. dxe5 Rxd1 21. Rxd1 Bxe5 22. Rd7 Nf6 23. Rxb7 Bxg3 24. Qxg3 Qxa4 25. Rb8+ Rxb8 26. Qxb8+ Ne8 27. Bxa6 g6 28. Bb5 Qd1+ 29. Kh2 Qd6+ 30. Qxd6 Nxd6 31. Bd3 e5 32. b4 Nc8 33. Kg3 f6 34. f4 exf4+ 35. Kxf4 Kf7 36. e5 fxe5+ 37. Kxe5 Ke7 38. h4 Nb6 39. Be4 Nd7+ 40. Kf4 Kf6 41. g4 Nb6 42. Bc6 h6 43. g5+ hxg5+ 44. hxg5+ Ke6 45. Ke4 Nc4 46. Bd5+ 1-0

[Event "GBR-ch111 Major Open"]
[Site "Liverpool"]
[Date "2025.08.08"]
[Round "7.43"]
[White "Mize, Dylan"]
[Black "Mokhber-Garcia, Sebastian"]
[Result "0-1"]
[WhiteElo "1791"]
[BlackElo "1962"]
[PlyCount "90"]
[EventDate "2025.08.02"]
[EventType "swiss"]
[EventRounds "9"]
[EventCountry "GBR"]
[SourceTitle "BritBase"]
[Source "John Saunders"]
[SourceDate "2025.08.11"]
[SourceVersion "1"]
[SourceVersionDate "2025.08.11"]
[SourceQuality "1"]

1. Nf3 d5 2. d4 e6 3. e3 c5 4. b3 cxd4 5. exd4 Nf6 6. Bd3 Bd6 7. Bb2 O-O 8. Nbd2 Nc6 9. a3 Ne7 10. O-O Ng6 11. g3 Re8 12. Qe2 Nd7 13. Rae1 a6 14. Ne5 Bxe5 15. dxe5 Nc5 16. Bd4 Nxd3 17. Qxd3 Ne7 18. f4 Bd7 19. Rf2 Bb5 20. Qc3 Rc8 21. Qb2 Nf5 22. Nf3 h5 23. Kg2 Qa5 24. b4 Qa4 25. h3 Rc6 26. g4 Nh6 27. Kg3 Rec8 28. c3 Bd3 29. f5 hxg4 30. hxg4 exf5 31. g5 Ng4 32. Rh2 Nxh2 33. Qxh2 Qc2 34. Qh4 Be4 35. Rh1 Kf8 36. Bc5+ Rxc5 37. bxc5 Qxc3 38. Rf1 Kg8 39. e6 Bxf3 40. exf7+ Kxf7 41. Rxf3 Qe1+ 42. Rf2 Rxc5 43. Qh5+ Ke7 44. Kg2 Qe4+ 45. Kh2 Rc2 0-1

[Event "GBR-ch111 Major Open"]
[Site "Liverpool"]
[Date "2025.08.08"]
[Round "7.44"]
[White "McCarthy, Damian M"]
[Black "Chantrell, Paul"]
[Result "1-0"]
[WhiteElo "1924"]
[BlackElo "1768"]
[PlyCount "47"]
[EventDate "2025.08.02"]
[EventType "swiss"]
[EventRounds "9"]
[EventCountry "GBR"]
[SourceTitle "BritBase"]
[Source "John Saunders"]
[SourceDate "2025.08.11"]
[SourceVersion "1"]
[SourceVersionDate "2025.08.11"]
[SourceQuality "1"]

1. e4 e5 2. Nf3 Nc6 3. Bc4 Bc5 4. c3 Nf6 5. d3 a6 6. Bb3 Ba7 7. h3 d6 8. Bg5 O-O 9. Nbd2 Re8 10. Nh2 h6 11. Bh4 Qe7 12. Qf3 Be6 13. Ng4 Bxg4 14. hxg4 Na5 15. g5 Nxb3 16. gxf6 Nxd2 17. Kxd2 Qe6 18. Qg3 g6 19. Bg5 h5 20. Rxh5 Bxf2 21. Rh8+ Kxh8 22. Qh2+ Kg8 23. Qh6 Be3+ 24. Kxe3 1-0

[Event "GBR-ch111 Major Open"]
[Site "Liverpool"]
[Date "2025.08.08"]
[Round "7.45"]
[White "Islam, Mohammed"]
[Black "Vaidyanathan, Sathya"]
[Result "1-0"]
[WhiteElo "1803"]
[BlackElo "1915"]
[PlyCount "61"]
[EventDate "2025.08.02"]
[EventType "swiss"]
[EventRounds "9"]
[EventCountry "GBR"]
[SourceTitle "BritBase"]
[Source "John Saunders"]
[SourceDate "2025.08.11"]
[SourceVersion "1"]
[SourceVersionDate "2025.08.11"]
[SourceQuality "1"]

1. Nf3 d5 2. d4 Nf6 3. Bf4 c5 4. e3 Nc6 5. c3 e6 6. Bd3 c4 7. Bc2 Bd6 8. Nbd2 Bxf4 9. exf4 Qc7 10. Ne5 a6 11. a4 b6 12. Qe2 Bb7 13. f5 Qe7 14. f4 Nd7 15. Ndf3 Ndxe5 16. fxe5 g6 17. f6 Qc7 18. O-O Kd7 19. Nd2 b5 20. b3 Na5 21. bxc4 Nxc4 22. Nb3 Ke8 23. Nc5 Bc6 24. Rfb1 bxa4 25. Rxa4 Bxa4 26. Bxa4+ Kf8 27. Rb7 Qa5 28. Qc2 Kg8 29. Qb3 h5 30. Rxf7 Kxf7 31. Qb7+ 1-0

[Event "GBR-ch111 Major Open"]
[Site "Liverpool"]
[Date "2025.08.08"]
[Round "7.46"]
[White "Sahoo, Shivam"]
[Black "Melia, Alfie"]
[Result "0-1"]
[WhiteElo "1791"]
[BlackElo "1904"]
[PlyCount "120"]
[EventDate "2025.08.02"]
[EventType "swiss"]
[EventRounds "9"]
[EventCountry "GBR"]
[SourceTitle "BritBase"]
[Source "John Saunders"]
[SourceDate "2025.08.11"]
[SourceVersion "1"]
[SourceVersionDate "2025.08.11"]
[SourceQuality "1"]

1. d4 Nf6 2. c4 c5 3. d5 e6 4. Nc3 exd5 5. cxd5 d6 6. Nf3 g6 7. e4 Bg7 8. Bd3 O-O 9. O-O Bg4 10. h3 Bxf3 11. Qxf3 Nbd7 12. Qe2 Ne5 13. Bc2 Re8 14. Be3 a6 15. a4 Qb6 16. Rab1 Qb4 17. f4 Ned7 18. Na2 Qb6 19. Nc3 Qb4 20. Na2 Qb6 21. Nc3 Re7 22. Qf3 Rae8 23. Bf2 Qb4 24. Rfe1 b5 25. Na2 Qa5 26. b4 Qc7 27. axb5 axb5 28. bxc5 Nxc5 29. Rbc1 Qa5 30. Nc3 b4 31. Ra1 Qc7 32. Nb5 Qd7 33. Nd4 Nfxe4 34. Nc6 Bxa1 35. Nxe7+ Qxe7 36. Bxc5 Nd2 37. Qe3 Qxe3+ 38. Bxe3 Bd4 39. Kf2 Bxe3+ 40. Rxe3 Rc8 41. Bd1 f5 42. Ke2 Ne4 43. Bb3 Rc3 44. Rxc3 bxc3 45. Kd3 Kf7 46. Kd4 Kf6 47. Bc2 Ng3 48. Bd1 Ne4 49. Bc2 g5 50. Bxe4 fxe4 51. fxg5+ Kxg5 52. Kxc3 Kf4 53. Kd4 h6 54. h4 h5 55. Kc3 Ke3 56. Kc2 Kf2 57. g4 e3 58. gxh5 e2 59. h6 e1=Q 60. h7 Qe4+ 0-1

[Event "GBR-ch111 Major Open"]
[Site "Liverpool"]
[Date "2025.08.08"]
[Round "7.47"]
[White "Collins, Jonathan L"]
[Black "Wainwright, Charlie"]
[Result "1/2-1/2"]
[WhiteElo "1868"]
[BlackElo "1743"]
[PlyCount "42"]
[EventDate "2025.08.02"]
[EventType "swiss"]
[EventRounds "9"]
[EventCountry "GBR"]
[SourceTitle "BritBase"]
[Source "John Saunders"]
[SourceDate "2025.08.11"]
[SourceVersion "1"]
[SourceVersionDate "2025.08.11"]
[SourceQuality "1"]

1. e4 e5 2. Nf3 Nf6 3. Nc3 Nc6 4. Bb5 Bb4 5. d3 d6 6. h3 h6 7. a3 Ba5 8. b4 Bb6 9. Nd5 O-O 10. Nxb6 axb6 11. Bd2 Be6 12. c4 Nd7 13. g4 Re8 14. Ba4 g5 15. Rg1 Nf8 16. h4 f6 17. hxg5 hxg5 18. b5 Ne7 19. Bc2 Nfg6 20. Nh2 Kg7 21. Nf1 Qd7 1/2-1/2

[Event "GBR-ch111 Major Open"]
[Site "Liverpool"]
[Date "2025.08.08"]
[Round "7.48"]
[White "Ranasinghe, Chaniru"]
[Black "Mulukutla, Ayaansh"]
[Result "0-1"]
[WhiteElo "1642"]
[BlackElo "1852"]
[PlyCount "42"]
[EventDate "2025.08.02"]
[EventType "swiss"]
[EventRounds "9"]
[EventCountry "GBR"]
[SourceTitle "BritBase"]
[Source "John Saunders"]
[SourceDate "2025.08.11"]
[SourceVersion "1"]
[SourceVersionDate "2025.08.11"]
[SourceQuality "1"]

1. d4 d5 2. Bf4 Nf6 3. e3 e6 4. Nf3 c5 5. Nbd2 Nc6 6. c3 Bd6 7. Bg3 cxd4 8. exd4 O-O 9. Bd3 Re8 10. Ne5 Bxe5 11. dxe5 Nd7 12. Nf3 f6 13. O-O fxe5 14. Nxe5 Ndxe5 15. Bxe5 Nxe5 16. Bxh7+ Kxh7 17. Qh5+ Kg8 18. Qxe5 Qf6 19. Qe3 Bd7 20. Rad1 Bc6 21. Rfe1 e5 0-1

[Event "GBR-ch111 Major Open"]
[Site "Liverpool"]
[Date "2025.08.08"]
[Round "7.49"]
[White "Sheikh, Anum"]
[Black "Sedykh, Stakhey"]
[Result "1/2-1/2"]
[WhiteElo "1842"]
[BlackElo "1756"]
[PlyCount "44"]
[EventDate "2025.08.02"]
[EventType "swiss"]
[EventRounds "9"]
[EventCountry "GBR"]
[SourceTitle "BritBase"]
[Source "John Saunders"]
[SourceDate "2025.08.11"]
[SourceVersion "1"]
[SourceVersionDate "2025.08.11"]
[SourceQuality "1"]

1. e4 e5 2. Nf3 Nc6 3. d4 exd4 4. Nxd4 Nf6 5. Nxc6 bxc6 6. Bd3 d5 7. e5 Ng4 8. O-O Qh4 9. Bf4 Bc5 10. Bg3 Qe7 11. c3 Be6 12. Nd2 Bb6 13. Qa4 Bd7 14. Bf5 Nh6 15. Bh4 g5 16. Bxd7+ Kxd7 17. e6+ fxe6 18. Nf3 gxh4 19. Ne5+ Kd6 20. Qf4 Raf8 21. Nf7+ Kd7 22. Ne5+ Kd6 1/2-1/2

[Event "GBR-ch111 Major Open"]
[Site "Liverpool"]
[Date "2025.08.08"]
[Round "7.50"]
[White "Blinkhorn, Joshua"]
[Black "Nus, Jonah Bram Erik"]
[Result "0-1"]
[WhiteElo "1838"]
[BlackElo "1724"]
[PlyCount "96"]
[EventDate "2025.08.02"]
[EventType "swiss"]
[EventRounds "9"]
[EventCountry "GBR"]
[SourceTitle "BritBase"]
[Source "John Saunders"]
[SourceDate "2025.08.11"]
[SourceVersion "1"]
[SourceVersionDate "2025.08.11"]
[SourceQuality "1"]

1. e4 e5 2. Nf3 Nc6 3. Bc4 Nf6 4. d4 exd4 5. e5 d5 6. Bb5 Ne4 7. Nxd4 Bc5 8. Be3 O-O 9. Nxc6 bxc6 10. Bxc5 Nxc5 11. Bxc6 Rb8 12. Qxd5 Qe7 13. O-O Rd8 14. Qf3 Rxb2 15. Nc3 Ne6 16. Be4 Ng5 17. Qe3 Nxe4 18. Qxe4 Bb7 19. Qe2 Qc5 20. Na4 Qc6 21. Qg4 Rxc2 22. Qg5 Re8 23. Rab1 Ba6 24. Rfd1 Qxa4 25. Rd8 Bb5 26. e6 fxe6 27. h3 Rxd8 28. Qxd8+ Kf7 29. Qg5 a6 30. Qh5+ Kf6 31. Qxh7 Rd2 32. Qg8 Rd1+ 33. Rxd1 Qxd1+ 34. Kh2 Qd6+ 35. Kg1 c5 36. Qh7 Qe5 37. Qg8 Ke7 38. f4 Qe3+ 39. Kh1 Qc1+ 40. Kh2 Qxf4+ 41. Kg1 Qd4+ 42. Kh2 c4 43. Qc8 c3 44. Qb7+ Qd7 45. Qe4 Qc7+ 46. g3 c2 47. Qh4+ Kf7 48. Qh5+ Kg8 0-1

[Event "GBR-ch111 Major Open"]
[Site "Liverpool"]
[Date "2025.08.08"]
[Round "7.51"]
[White "Hanlon, Shay"]
[Black "Cann, Arthur"]
[Result "1/2-1/2"]
[WhiteElo "1809"]
[BlackElo "1677"]
[PlyCount "54"]
[EventDate "2025.08.02"]
[EventType "swiss"]
[EventRounds "9"]
[EventCountry "GBR"]
[SourceTitle "BritBase"]
[Source "John Saunders"]
[SourceDate "2025.08.11"]
[SourceVersion "1"]
[SourceVersionDate "2025.08.11"]
[SourceQuality "1"]

1. e4 c6 2. d3 d5 3. Nd2 e5 4. Ngf3 Qc7 5. d4 Nd7 6. Bd3 Ngf6 7. O-O Bd6 8. exd5 cxd5 9. dxe5 Nxe5 10. Re1 O-O 11. Nxe5 Bxe5 12. Nf3 Bd6 13. Bg5 Be7 14. Nd4 a6 15. Nf5 Bxf5 16. Bxf5 Rfe8 17. Qf3 Rad8 18. Re2 h6 19. Bh4 Qc6 20. Bd3 Bc5 21. Rxe8+ Rxe8 22. Bxf6 Qxf6 23. Qxf6 gxf6 24. Kf1 Kf8 25. Be2 d4 26. Rd1 a5 27. Rd3 Re5 1/2-1/2

[Event "GBR-ch111 Major Open"]
[Site "Liverpool"]
[Date "2025.08.08"]
[Round "7.52"]
[White "Pyun, Lindsay"]
[Black "Mortazavi, Sami"]
[Result "1/2-1/2"]
[WhiteElo "1762"]
[BlackElo "1805"]
[PlyCount "67"]
[EventDate "2025.08.02"]
[EventType "swiss"]
[EventRounds "9"]
[EventCountry "GBR"]
[SourceTitle "BritBase"]
[Source "John Saunders"]
[SourceDate "2025.08.11"]
[SourceVersion "1"]
[SourceVersionDate "2025.08.11"]
[SourceQuality "1"]

1. e4 c5 2. Nf3 Nf6 3. e5 Nd5 4. d4 cxd4 5. Qxd4 e6 6. Bc4 Nc6 7. Qe4 d6 8. O-O Nb6 9. Bb3 dxe5 10. Nxe5 Nxe5 11. Qxe5 Nd7 12. Qe2 Bc5 13. Nc3 O-O 14. Ne4 Be7 15. c3 Nf6 16. Bc2 Qc7 17. Nxf6+ Bxf6 18. Qe4 g6 19. Bh6 Rd8 20. Rfd1 Bd7 21. Qf3 Be5 22. h3 Bc6 23. Be4 Bxe4 24. Qxe4 Bf6 25. Qf3 Qe7 26. Be3 b6 27. Rxd8+ Rxd8 28. Rd1 Kg7 29. Rxd8 Qxd8 30. Qb7 Qd1+ 31. Kh2 Qa4 32. a3 Be5+ 33. g3 h5 34. Kg2 1/2-1/2

[Event "GBR-ch111 Major Open"]
[Site "Liverpool"]
[Date "2025.08.08"]
[Round "7.53"]
[White "Korsinskij, Nikolas"]
[Black "Whittington, Reece W"]
[Result "0-1"]
[WhiteElo "1674"]
[BlackElo "1778"]
[PlyCount "64"]
[EventDate "2025.08.02"]
[EventType "swiss"]
[EventRounds "9"]
[EventCountry "GBR"]
[SourceTitle "BritBase"]
[Source "John Saunders"]
[SourceDate "2025.08.11"]
[SourceVersion "1"]
[SourceVersionDate "2025.08.11"]
[SourceQuality "1"]

1. e4 e6 2. d4 d5 3. Nd2 Nf6 4. e5 Nfd7 5. c3 c5 6. f4 Nc6 7. Ndf3 Be7 8. Bd3 a5 9. a3 a4 10. Ne2 O-O 11. O-O f6 12. Be3 Qb6 13. Rb1 cxd4 14. cxd4 fxe5 15. fxe5 Ndxe5 16. Bc2 Nxf3+ 17. gxf3 e5 18. Qd2 exd4 19. Nxd4 Bc5 20. Rbd1 Bh3 21. Rfe1 Rae8 22. Nf5 Rxf5 23. Bxf5 Bxe3+ 24. Rxe3 Rxe3 25. Qxd5+ Kh8 26. Kh1 Bxf5 27. Qxf5 Ne7 28. Qf7 Ng8 29. b4 axb3 30. Rd7 Re1+ 31. Kg2 Rg1+ 32. Kh3 Qh6+ 0-1